| 000 | 01749cam a2200265 4500 | ||
|---|---|---|---|
| 001 | 35933 | ||
| 003 | BD-RjUL | ||
| 005 | 20211209052414.0 | ||
| 008 | 140611s1971 ii b 000 0 eng | ||
| 035 | _a(BD-RjUL)36029 | ||
| 040 |
_aDLC _cDLC _dBD-RjUL _beng |
||
| 041 | 0 | _aengben | |
| 082 | 0 | 0 |
_a954.92 _bDAR 1971 |
| 100 | 1 |
_aDasgupta, R. K. _q(Rabindra Kumar) _9109388 |
|
| 245 | 1 | 0 |
_aRevolt in East Bengal / _c[by] R. K. Dasgupta. |
| 260 |
_aDelhi : _bA. Dasgupta, _c1971. |
||
| 300 |
_avi, 175 p. ; _c22 cm. |
||
| 500 | _aIncludes passages in Bengali. | ||
| 504 | _aBibliography: p. 160. | ||
| 505 | 0 | _aThe social and cultural background.--The economic background.--The political background.--Appendices:--A. The Awami League's six-point programme.--B. An autobiography of Sheikh Mujibur Rahman.--C. Sheikh Mujibur Rahman's addresses at the Round Table Conference, 10 March 1969.--D. The manifesto of the All-Pakistan Awami League.--E. Sheikh Mujibur Rahman's radio broadcast, 28 October 1970.--F. The proclamation of independence.--G. Prime Minister Tajuddin Ahmed's address to the people of Bangladesh, 11 April 1971.--H. Statement of His Excellency M. Hossain Ali ... Calcutta, 18 April 1971.--I. Syed Nazrul Islam's letter to heads of states, 23 April 1971.--J. Maulana Bhasani's telegram to President Podgorny, 24 April 1971.--K. Prime Minister Tajuddin Ahmed's broadcast to the people of Bangladesh, 13, June 1971.--L. Chronology.--M. Bibliography.--N. Lists of the Members of the Pakistan National Assembly and East Pakistan Provincial Assembly elected from East Bengal on the Awami League ticket. | |
| 651 | 0 |
_aBangladesh _xPolitics and government. _9109389 |
|
| 942 |
_2ddc _cBK |
||
| 999 |
_c35933 _d35933 |
||